Perspectives economiques regionales. Afrique subsaharienne : Mai 06

Bibliographic Details
Corporate Authors: International Monetary Fund., ProQuest (Firm)
Format: Electronic eBook
Language:French
Published: Washington, D.C. : Fonds monetaire international, c2006.
Edition:Ed. francaise.
Series:World economic and financial surveys.
Subjects:
Online Access:Click to View
LEADER 01553nam a2200385 a 4500
001 EBC3012489
003 MiAaPQ
005 20200520144314.0
006 m o d |
007 cr cn|||||||||
008 091205s2006 dcuad sbs 000 0 fre d
020 |z 9781589065505 
020 |z 1589065506 
035 |a (MiAaPQ)EBC3012489 
035 |a (Au-PeEL)EBL3012489 
035 |a (CaPaEBR)ebr10300277 
035 |a (OCoLC)871830571 
040 |a MiAaPQ  |c MiAaPQ  |d MiAaPQ 
043 |a fb----- 
050 4 |a HC800  |b .P47 2006 
245 0 0 |a Perspectives economiques regionales.  |p Afrique subsaharienne : Mai 06  |h [electronic resource]. 
246 1 |i English title on back cover:  |a Regional economic outlook.  |p Sub-Saharan Africa : May 2006 (French) 
250 |a Ed. francaise. 
260 |a Washington, D.C. :  |b Fonds monetaire international,  |c c2006. 
300 |a vii, 128 p. :  |b ill. 
490 1 |a Etudes economiques et financieres,  |x 0258-7440 
504 |a Includes bibliographical references (p. 123-128). 
533 |a Electronic reproduction. Ann Arbor, MI : ProQuest, 2015. Available via World Wide Web. Access may be limited to ProQuest affiliated libraries. 
651 0 |a Africa, Sub-Saharan  |x Economic conditions. 
651 0 |a Africa, Sub-Saharan  |x Economic conditions  |v Statistics. 
655 4 |a Electronic books. 
710 2 |a International Monetary Fund. 
710 2 |a ProQuest (Firm) 
830 0 |a World economic and financial surveys. 
856 4 0 |u https://ebookcentral.proquest.com/lib/matrademy/detail.action?docID=3012489  |z Click to View